书目信息 |
| 题名: |
水泥机立窑安全煅烧技术百问百答
|
|
| 作者: | 李斌怀 主编 | |
| 分册: | ||
| 出版信息: | 武汉 武汉工业大学出版社 1999.11 |
|
| 页数: | 222页 | |
| 开本: | 20cm | |
| 丛书名: | ||
| 单 册: | ||
| 中图分类: | TQ172.6-44 | |
| 科图分类: | ||
| 主题词: | 水泥--化学工业 | |
| 电子资源: | ||
| ISBN: | 7-5629-1536-9 | |
| 000 | 00607nam0 2200193 45 | |
| 001 | 0235574819 | |
| 005 | 2002121209525481 | |
| 010 | @a7-5629-1536-9@dRMB 11.00 | |
| 100 | @a20021212d1999 km y0chiy0120 ea | |
| 101 | 0 | @achi |
| 102 | @aCN@b420000 | |
| 200 | 1 | @a水泥机立窑安全煅烧技术百问百答@Ashui ni ji li yao an quan duan shao ji shu bai wen bai da@f李斌怀主编@Fli bin huai zhu bian |
| 210 | @a武汉@c武汉工业大学出版社@d1999.11 | |
| 215 | @a222页@d20cm | |
| 606 | 0 | @a水泥@x化学工业 |
| 690 | @aTQ172.6-44@v3 | |
| 701 | 0 | @a李斌怀@Ali bin huai@4主编 |
| 801 | 0 | @aCN@bPFT@c20021212 |
| 905 | @dTQ172.6-44@eL120 | |
| 水泥机立窑安全煅烧技术百问百答/李斌怀主编.-武汉:武汉工业大学出版社,1999.11 |
| 222页;20cm |
| ISBN 7-5629-1536-9:RMB 11.00 |
| ● |
| 相关链接 |
|
|
|
正题名:水泥机立窑安全煅烧技术百问百答
索取号:TQ172.6-44/L120
 
预约/预借
| 序号 | 登录号 | 条形码 | 馆藏地/架位号 | 状态 | 备注 |
| 1 | 362533 | 203625336 | 期刊室512/501自科库 139排8列5层/ [索取号:TQ172.6-44/L120] | 在馆 | |
| 2 | 362534 | 203625345 | 自科库501/501自科库 139排8列4层/ [索取号:TQ172.6-44/L120] | 在馆 | |
| 3 | 362535 | 203625354 | 自科库501/501自科库 139排8列4层/ [索取号:TQ172.6-44/L120] | 在馆 | |
| 4 | 362536 | 203625363 | 期刊室512/501自科库 139排8列5层/ [索取号:TQ172.6-44/L120] | 在馆 | |
| 5 | 362537 | 203625372 | 期刊室512/501自科库 139排8列5层/ [索取号:TQ172.6-44/L120] | 在馆 |